cBy Andrew B Abel and others (Record no. 10111)

MARC details
000 -LEADER
fixed length control field 00574cam a2200229ua 4500
001 - CONTROL NUMBER
control field 11261
005 - DATE AND TIME OF LATEST TRANSACTION
control field 20260515114730.0
008 - FIXED-LENGTH DATA ELEMENTS--GENERAL INFORMATION
fixed length control field 190905n ii |||gr||||Z||||||eng
020 ## - INTERNATIONAL STANDARD BOOK NUMBER
International Standard Book Number 9789332518247
040 ## - CATALOGING SOURCE
Transcribing agency MAIN
041 ## - LANGUAGE CODE
Language code of text/sound track or separate title eng
082 ## - DEWEY DECIMAL CLASSIFICATION NUMBER
Classification number 339
100 ## - MAIN ENTRY--PERSONAL NAME
Personal name Andrew B Abel,
Relator term Author.
245 ## - TITLE STATEMENT
Title cBy Andrew B Abel and others
250 ## - EDITION STATEMENT
Edition statement 9th imp.
260 ## - PUBLICATION, DISTRIBUTION, ETC.
Place of publication, distribution, etc. Uttar Pradesh:
Name of publisher, distributor, etc. Pearson,
Date of publication, distribution, etc. 2018.
300 ## - PHYSICAL DESCRIPTION
Extent 619p.
653 ## - INDEX TERM--UNCONTROLLED
Uncontrolled term Macroeconomics & related topics
700 ## - ADDED ENTRY--PERSONAL NAME
Personal name Ben S Bernanke,
Relator term Author.,
700 ## - ADDED ENTRY--PERSONAL NAME
Personal name Dean Croushore,
Relator term Author.
942 ## - ADDED ENTRY ELEMENTS (KOHA)
Koha item type Books
Holdings
Withdrawn status Lost status Damaged status Not for loan Home library Current library Shelving location Date acquired Total checkouts Full call number Barcode Date last seen Copy number Price effective from Koha item type
        Naharkatiya College Library Naharkatiya College Library General stacks 09/19/2020   339oABE 27423 09/19/2020 1 09/19/2020 Books
        Naharkatiya College Library Naharkatiya College Library General stacks 09/19/2020   339oABE 27424 09/19/2020 2 09/19/2020 Books